000 00230nam a2200097Ia 4500
008 230508s1986 xx 000 0 und d
041 _aeng
100 _aSALUNKHE M.B.
245 _aSWATANTRYA SAINIKANCHYA ATHAVANI
260 _c1986
999 _c312714
_d312714